| 000 | 00938nam a2200253 i 4500 | ||
|---|---|---|---|
| 001 | bg | ||
| 100 | 1 | _aKULIK, Tadeusz | |
| 245 | 1 | 0 |
_aNanokrystaliczne materiały magnetyczne miękkie otrzymywane przez krystalizację szkieł metalicznych / _cTadeusz Kulik. |
| 260 |
_aWarszawa : _bOficyna Wydawnicza PW, _c1998. |
||
| 300 |
_a114 s. : _bfot., wykr. ; _c24 cm. |
||
| 490 | 1 |
_aPrace Naukowe / Politechnika Warszawska. Inżynieria Materiałowa, _x1234-5229 ; _vz.7 |
|
| 500 | _aOpis według okł. - Streszcz. ang. | ||
| 504 | _aBibliogr. s. 109-114. | ||
| 650 | 9 |
_aFerromagnetyki _xbadanie |
|
| 650 | 9 | _aSzkło metaliczne | |
| 650 | 9 | _aKrystalizacja | |
| 650 | 9 |
_aStopy (metalurg.) _xobróbka cieplna _xmetody |
|
| 830 | 0 |
_aPrace Naukowe (Politechnika Warszawska). _pInżynieria Materiałowa |
|
| 040 | _cBPK | ||
| 041 | 0 |
_apl _ben |
|
| 080 | _a621.318:669.017/.018:542 | ||
| 942 | _cKS | ||
| 008 | s pl f |000 0 pol | ||
| 999 |
_c37921 _d37921 |
||
| 856 |
_uhttp://koha.tu.koszalin.pl/cgi-bin/koha/opac-detail.pl?biblionumber=37921 _yKatalog online BPK |
||